Statistics for The Lord of the Rings - Fathers

Click here to take the quiz!

General Stats

  • This quiz has been taken 102 times
  • The average score is 11 of 16

Answer Stats

HintAnswer% Correct
Aragorn, son of ___Arathorn
96%
Boromir, son of ___Denethor
96%
Gimli, son of ___Glóin
96%
Legolas, son of ___Thranduil
88%
Thorin, son of ___Thráin
87%
Frodo, son of ___Drogo
81%
Elladan, son of ___Elrond
71%
Éomer, son of ___Éomund
63%
Samwise, son of ___Hamfast
62%
Elrond, son of ___Eärendil
60%
Balin, son of ___Fundin
52%
Théoden, son of ___Thengel
52%
Peregrin, son of ___Paladin
51%
Galadriel, daughter of ___Finarfin
38%
Bilbo, son of ___Bungo
33%
Meriadoc, son of ___Saradoc
33%

Score Distribution

Percentile by Number Answered

Percent of People with Each Score

Your Score History

You have not taken this quiz